000 00893nam a22002537a 4500
999 _c13994
_d13994
001 13960
003 MIRAKIL
005 20200827110734.0
008 200827b tu ||||| |||| 00| 0 tur d
035 _a13960
040 _aTR-AnCHP
_btur
_cTR-AnCHP
082 _a923.2 Ecevit,B.
_bS23e 1974
100 _aSağlamer, Kayhan
245 _aEcevit Olayı:
_bBir Başbakanın doğuşu/
_cKayhan Sağlamer.
246 _aBir Başbakanın doğuşu
260 _aİstanbul:
_bBelge Yayınları,
_c1974.
300 _ac.:
_c20 sm.
490 0 _aBelge Yayınları;
_aYaşayan Türk Büyükleri Dizisi;
_v1
600 _aEcevit, Bülent
_cTürkiye Cumhuriyeti Başbakanı
_d1925-2006
_xAnılar
600 _aEcevit, Bülent
_cTürkiye Cumhuriyeti Başbakanı
_d1925-2006
_xYaşamöyküsü
650 _aDevlet başkanları
_xYaşamöyküsü
740 _aBir Başbakanın doğuşu
942 _2ddc
_cBKS